<?xml version="1.0" encoding="UTF-8"?>
<marc:record xmlns:marc="http://www.loc.gov/MARC21/slim">
   <marc:leader>00000nam a2200000 a 4500</marc:leader>
   <marc:datafield ind1="1" ind2=" " tag="100">
      <marc:subfield code="a">Mirren, Helen</marc:subfield>
   </marc:datafield>
   <marc:datafield ind1="1" ind2=" " tag="100">
      <marc:subfield code="a">Armbrust, Tobin</marc:subfield>
   </marc:datafield>
   <marc:datafield ind1="1" ind2=" " tag="100">
      <marc:subfield code="a">Spierig, Peter</marc:subfield>
   </marc:datafield>
   <marc:datafield ind1="1" ind2=" " tag="100">
      <marc:subfield code="a">Spierig, Michael</marc:subfield>
   </marc:datafield>
   <marc:datafield ind1=" " ind2=" " tag="653">
      <marc:subfield code="a">Geister</marc:subfield>
   </marc:datafield>
   <marc:datafield ind1=" " ind2=" " tag="653">
      <marc:subfield code="a">Psychologe</marc:subfield>
   </marc:datafield>
   <marc:datafield ind1=" " ind2=" " tag="653">
      <marc:subfield code="a">Horror</marc:subfield>
   </marc:datafield>
   <marc:datafield ind1=" " ind2=" " tag="653">
      <marc:subfield code="a">Wahre Geschichte</marc:subfield>
   </marc:datafield>
   <marc:datafield ind1=" " ind2=" " tag="653">
      <marc:subfield code="a">Waffenhandel</marc:subfield>
   </marc:datafield>
   <marc:datafield ind1=" " ind2=" " tag="653">
      <marc:subfield code="a">Gefängnis</marc:subfield>
   </marc:datafield>
   <marc:datafield ind1="0" ind2="0" tag="245">
      <marc:subfield code="a">Winchester</marc:subfield>
   </marc:datafield>
   <marc:datafield ind1="0" ind2="0" tag="245">
      <marc:subfield code="b">das Haus der Verdammten</marc:subfield>
   </marc:datafield>
   <marc:datafield ind1="0" ind2="0" tag="245">
      <marc:subfield code="c">Regie: Michael Spierig, Peter Spierig. Darst.: Tobin Armbrust, Helen Mirren ...</marc:subfield>
   </marc:datafield>
   <marc:datafield ind1=" " ind2="1" tag="264">
      <marc:subfield code="a">Köln</marc:subfield>
      <marc:subfield code="b">Splendid Film</marc:subfield>
      <marc:subfield code="c">2018</marc:subfield>
   </marc:datafield>
   <marc:datafield ind1="1" ind2=" " tag="520">
      <marc:subfield code="a">Nach einer wahren Geschichte: In einer verlassenen Gegend von San Jose, 50 Meilen von San Francisco entfernt, lebt die Witwe Sarah Winchester (Academy Award®-Gewinnerin Helen Mirren) in ihrer monströsen Villa. Die Erbin des Waffen-Imperiums von William Winchester lässt in jahrzehntelanger, ununterbrochener Bautätigkeit ein gigantisches und unübersichtliches Anwesen mit über 500 Zimmern errichten ¿ voller Irrwege, falscher Türen und im Nirgendwo endender Treppen. Auf die Außenwelt wirkt das Gebäude wie das exzentrische Denkmal einer wahnsinnigen Frau. Der bekannte Psychologe Dr. Eric Price (Jason Clarke) wird damit beauftragt, den Geisteszustand der Millionenerbin zu untersuchen. Denn Sarah Winchester ist davon überzeugt, ein Gefängnis für Hunderte rachsüchtige Geister und gequälte Seelen zu errichten, die durch Winchester-Waffen zu Tode kamen und nun Vergeltung suchen. Der Arzt stellt bald fest, dass es in der Villa tatsächlich nicht mit rechten Dingen zugeht: Gefangen im größten Geisterhaus der Welt müssen Sarah und Dr. Price einen Ausweg finden, um die Verdammten des Winchester-Hauses zu erlösen.</marc:subfield>
   </marc:datafield>
   <marc:datafield ind1=" " ind2=" " tag="020">
      <marc:subfield code="a">4013549098984</marc:subfield>
      <marc:subfield code="9">4013549098984</marc:subfield>
   </marc:datafield>
   <marc:datafield ind1="3" ind2=" " tag="024">
      <marc:subfield code="a">4013549098984</marc:subfield>
   </marc:datafield>
   <marc:datafield ind1=" " ind2=" " tag="500">
      <marc:subfield code="a">nach einer wahren Geschichte</marc:subfield>
   </marc:datafield>
   <marc:datafield ind1="0" ind2=" " tag="490">
      <marc:subfield code="v">0</marc:subfield>
   </marc:datafield>
   <marc:datafield ind1=" " ind2=" " tag="300">
      <marc:subfield code="a">1 DVD : ca. 105 Min.</marc:subfield>
   </marc:datafield>
</marc:record>
